[Event "IECC O-2647"]
[Site "IECC email"]
[Date "2007.08.29"]
[Round "?"]
[White "Turner, Edward C"]
[Black "Maggiora, Aldo"]
[Result "1-0"]
[WhiteElo "1400"]
[BlackElo "1514"]
[PlyCount "93"]
[EventDate "2007.??.??"]
[EventType "swiss (corr)"]
[EventRounds "2"]
[SourceTitle "Corr 2011"]
[Source "ChessBase"]
[SourceDate "2010.08.31"]
[SourceVersion "1"]
[SourceVersionDate "2010.08.31"]
[SourceQuality "1"]
[WhiteTeam "US of America"]
[BlackTeam "South Africa"]
[WhiteTeamCountry "USA"]
[BlackTeamCountry "RSA"]

1. Nf3 Nf6 2. c4 g6 3. Nc3 Bg7 4. e4 c5 5. d4 cxd4 6. Nxd4 Nc6 7. Be3 Ng4 8. Qxg4 Nxd4 9. Qd1 Nc6 10. Qd2 Qa5 11. Rc1 d6 12. Be2 0-0 13. 0-0 Rd8 14. f4 Be6 15. a3 Re8 16. Rfd1 Rac8 17. Qc2 f5 18. Nb5 a6 19. b4 Qd8 20. Nc3 Bxc3 21. Qxc3 fxe4 22. Qc2 d5 23. Qb2 b5 24. f5 gxf5 25. cxb5 axb5 26. Bxb5 f4 27. Rxc6 Rxc6 28. Bxc6 fxe3 29. Qe5 Bf7 30. Bxe8 Qxe8 31. Qg5+ Kf8 32. Qxe3 e5 33. Rf1 Qe7 34. b5 Ke8 35. Qb6 Be6 36. Qb8+ Kd7 37. Qa7+ Kd8 38. Qxe7+ Kxe7 39. Rc1 d4 40. b6 Bd5 41. b7 Bxb7 42. Rc7+ Kd6 43. Rxb7 e3 44. a4 Kc6 45. Rxh7 e4 46. Kf1 d3 47. g4 1-0

[Event "IECC O-2645"]
[Site "IECC email"]
[Date "2007.08.29"]
[Round "?"]
[White "Turner, Edward C"]
[Black "Michael, Holger"]
[Result "1-0"]
[WhiteElo "1441"]
[BlackElo "1541"]
[PlyCount "73"]
[EventDate "2007.??.??"]
[EventType "swiss (corr)"]
[EventRounds "2"]
[SourceTitle "Corr 2020"]
[Source "ChessBase"]
[SourceDate "2019.09.30"]
[SourceVersion "1"]
[SourceVersionDate "2019.09.30"]
[SourceQuality "1"]
[WhiteTeam "United States"]
[BlackTeam "Germany"]
[WhiteTeamCountry "USA"]
[BlackTeamCountry "GER"]

1. Nf3 d5 2. d4 e6 3. c4 dxc4 4. e3 b5 5. a4 c6 6. Bd2 Nf6 7. Ne5 Qc7 8. axb5 cxb5 9. b3 Bd6 10. bxc4 bxc4 11. Ba5 Qb7 12. Nd2 0-0 13. Ndxc4 Bb4+ 14. Bxb4 Qxb4+ 15. Qd2 Qb5 16. Bd3 Qd5 17. 0-0 Bb7 18. f3 Nc6 19. Rfb1 Rfb8 20. Qc2 h5 21. Be4 Nxe4 22. fxe4 Qd8 23. Rxb7 Rxb7 24. Nxc6 Qd7 25. d5 Rb5 26. N4e5 Qd6 27. Nxf7 Kxf7 28. e5 Qxd5 29. Rf1+ Ke8 30. Nd4 Qxe5 31. Qg6+ Kd7 32. Nxb5 Qxe3+ 33. Kh1 Kc6 34. Qxg7 Kxb5 35. Qb7+ Kc4 36. Qxa8 h4 37. Qc6+ 1-0